[Event "Eliteserien 2013 - 14"]
[Site "Oslo"]
[Date "2013.11.01"]
[Round "7"]
[White "Urkedal, Frode Olav Olsen"]
[Black "Agdestein, Simen"]
[Result "1-0"]
[WhiteElo "2469"]
[BlackElo "2555"]
[PlyCount "51"]
[EventDate "2013.??.??"]

1. d4 Nf6 2. c4 e6 3. Nf3 b6 4. g3 Bb7 5. Bg2 g6 6. Nc3 Ne4 7. d5 Nxc3 8. Qd4
f6 9. Qxc3 Bg7 10. O-O O-O 11. e4 f5 12. e5 exd5 13. cxd5 Bxd5 14. Ng5 Bxg2 15.
Qc4+ Kh8 16. Qh4 Qxg5 17. Bxg5 Bxf1 18. Kxf1 Nc6 19. Bf6 Bxf6 20. exf6 Nd8 21.
Rd1 Rf7 22. Qc4 c6 23. Rd6 Rc8 24. Qd3 Rc7 25. Qe3 Kg8 26. Rxd7
1-0

[Event "Eliteserien 2013 - 14"]
[Site "Oslo"]
[Date "2013.11.01"]
[Round "7"]
[White "Gausel, Einar J"]
[Black "Hansen, Torbjørn R."]
[Result "1/2-1/2"]
[WhiteElo "2500"]
[BlackElo "2444"]
[PlyCount "84"]
[EventDate "2013.??.??"]

1. d4 Nf6 2. Nf3 g6 3. Bg5 Bg7 4. c3 b6 5. Nbd2 Bb7 6. e3 O-O 7. Bd3 c5 8. O-O
Nc6 9. Bxf6 exf6 10. Re1 f5 11. g3 d5 12. Bf1 Qd6 13. Bg2 Rfe8 14. Qa4 a6 15.
dxc5 bxc5 16. Rad1 Qc7 17. Nb3 Re4 18. Qa3 Bf8 19. Nbd2 Ree8 20. Qa4 Rad8 21.
h4 Bg7 22. h5 Bf6 23. a3 g5 24. Qc2 Bc8 25. b4 g4 26. Nh4 Bxh4 27. gxh4 c4 28.
Nf1 Re4 29. Ng3 Ne5 30. Rd4 Nd3 31. Rxd3 cxd3 32. Qxd3 Rc4 33. Bxd5 Rxc3 34.
Qd4 Rc6 35. Rd1 h6 36. Bxf7+ Kxf7 37. Qxd8 Qxd8 38. Rxd8 Rc1+ 39. Kh2 Rc2 40.
Kg1 Rc1+ 41. Kh2 Rc2 42. Kg1 Rc1+
1/2-1/2

[Event "Eliteserien 2013 - 14"]
[Site "Oslo"]
[Date "2013.11.01"]
[Round "7"]
[White "Flaata, Alexander R."]
[Black "Gabrielsen, Trond"]
[Result "0-1"]
[WhiteElo "2099"]
[BlackElo "2277"]
[PlyCount "70"]
[EventDate "2013.??.??"]

1. d4 f5 2. e4 fxe4 3. Nc3 Nf6 4. Bg5 Nc6 5. d5 Ne5 6. Qe2 c6 7. O-O-O cxd5 8.
Bxf6 gxf6 9. Qh5+ Nf7 10. Rxd5 e6 11. Rd1 f5 12. h4 Bg7 13. Nge2 Qf6 14. g4 Qg6
15. Qxg6 hxg6 16. gxf5 gxf5 17. Kb1 Be5 18. Nd4 Ke7 19. Be2 d5 20. f4 Bxd4 21.
Rxd4 Bd7 22. h5 Rag8 23. Rh2 Bc6 24. b4 a6 25. a4 Be8 26. b5 axb5 27. axb5 Nd6
28. Kb2 Rg3 29. Ra4 Bf7 30. Ra3 Rgg8 31. Ra4 Kf6 32. Rd4 Rg3 33. Ra4 e5 34. Ra3
exf4 35. h6 f3
0-1

[Event "Eliteserien 2013 - 14"]
[Site "Oslo"]
[Date "2013.11.01"]
[Round "8"]
[White "Romanov, Evgeny"]
[Black "Hole, Øystein"]
[Result "1-0"]
[WhiteElo "2616"]
[BlackElo "2367"]
[PlyCount "35"]
[EventDate "2013.??.??"]

1. e4 c6 2. c4 d5 3. cxd5 cxd5 4. exd5 Nf6 5. Qa4+ Nbd7 6. Nc3 a6 7. Nf3 Rb8 8.
d4 b5 9. Qb3 Nb6 10. Ne5 Rb7 11. a4 bxa4 12. Qa2 Qd6 13. Bxa6 Ra7 14. Bxc8 Nxc8
15. O-O Ra8 16. Nb5 Qb6 17. Qc4 Nd6 18. Nc7+
1-0

[Event "Eliteserien 2013 - 14"]
[Site "Oslo"]
[Date "2013.11.01"]
[Round "8"]
[White "Tari, Aryan"]
[Black "Lahlum, Hans O."]
[Result "1/2-1/2"]
[WhiteElo "2295"]
[BlackElo "2182"]
[PlyCount "84"]
[EventDate "2013.??.??"]

1. c4 e6 2. Nc3 d5 3. d4 c6 4. Nf3 dxc4 5. a4 Bb4 6. g3 Nf6 7. Bg2 c5 8. O-O
O-O 9. Na2 Nc6 10. Nxb4 cxb4 11. Qc2 Nxd4 12. Nxd4 Qxd4 13. Be3 Qd6 14. Qxc4
Rd8 15. Bc5 Qc7 16. Qxb4 Nd5 17. Qa3 b6 18. Bd4 Bb7 19. Rfc1 Qd7 20. Rd1 Ne7
21. Rd3 Qc7 22. Rc3 Qd7 23. Rd3 Qc7 24. Rc3 Qd7 25. Be5 Nd5 26. Rd1 Rac8 27.
Rxc8 Qxc8 28. Qd3 Re8 29. Qd2 f6 30. Bd6 Qc6 31. Ba3 Qxa4 32. Rc1 Qa5 33. Qd4
b5 34. Bd6 Qa6 35. Bc5 Rc8 36. Rd1 Qa4 37. b4 Nc3 38. Re1 Bxg2 39. Qxc3 Bd5 40.
e4 Bb7 41. e5 Qa2 42. exf6 Qd5
1/2-1/2

[Event "Eliteserien 2013 - 14"]
[Site "Oslo"]
[Date "2013.11.01"]
[Round "8"]
[White "Thorstensen, Trond"]
[Black "Kvisvik, Brede Alex."]
[Result "0-1"]
[WhiteElo "2241"]
[BlackElo "2316"]
[PlyCount "60"]
[EventDate "2013.??.??"]

1. d4 d5 2. Nf3 Nf6 3. c4 dxc4 4. Nc3 e6 5. e3 a6 6. Bxc4 b5 7. Be2 Bb7 8. O-O
Be7 9. a3 c5 10. dxc5 Bxc5 11. b4 Bd6 12. Qb3 O-O 13. a4 bxa4 14. Nxa4 Nbd7 15.
Bb2 Rb8 16. Qc4 Qe7 17. Rfd1 Bxb4 18. Ne5 Rbc8 19. Qh4 Nxe5 20. Bxe5 Nd5 21.
Qxe7 Bxe7 22. Rab1 Bc6 23. Nb6 Nxb6 24. Rxb6 a5 25. Ra6 a4 26. Bd6 Bxd6 27.
Rxd6 Bd5 28. h3 Ra8 29. e4 Bxe4 30. Bc4 a3
0-1

[Event "Eliteserien 2013 - 14"]
[Site "Oslo"]
[Date "2013.11.01"]
[Round "8"]
[White "Vea, Odin Blikra"]
[Black "Briseid, Håkon"]
[Result "1-0"]
[WhiteElo "2233"]
[BlackElo "2143"]
[PlyCount "225"]
[EventDate "2013.??.??"]

1. e4 e5 2. Nf3 Nc6 3. Bb5 a6 4. Ba4 Nf6 5. O-O Be7 6. Re1 b5 7. Bb3 d6 8. c3
O-O 9. h3 Na5 10. Bc2 c5 11. d4 Qc7 12. d5 Bd7 13. b3 Nb7 14. Nbd2 c4 15. b4 a5
16. a3 a4 17. Nf1 h6 18. N3h2 Nh7 19. Ng3 Bg5 20. Nf5 Bxf5 21. exf5 Bxc1 22.
Rxc1 Rae8 23. Ng4 f6 24. Re3 Kf7 25. Nh2 Ke7 26. Qe2 Kd8 27. Rg3 Re7 28. Qe3
Rfe8 29. Qa7 Nf8 30. Qa6 Qd7 31. Qb6+ Kc8 32. Be4 Nd8 33. Nf3 Qb7 34. Qe3 Nh7
35. h4 Rg8 36. Nd2 Qa7 37. Qe2 Rd7 38. Bf3 Re8 39. Ne4 Ree7 40. Bh5 Nf8 41. Re1
Kb8 42. Kh1 Ka8 43. Re3 Kb8 44. Ng3 Qb7 45. Qd2 Qa7 46. Re4 Ka8 47. Kh2 Kb8 48.
Qe2 Qb7 49. Rd1 Qa7 50. Qd2 Ka8 51. f4 Nf7 52. Kh1 Qb6 53. Rde1 Qa7 54. Ne2 Kb8
55. fxe5 fxe5 56. Rf1 Nh7 57. Ng3 Nf6 58. Ree1 Qb7 59. Bf3 Re8 60. Ne4 Ng8 61.
Bh5 Nf6 62. Nxf6 gxf6 63. Re4 Rg8 64. Rf3 Nh8 65. g4 Rh7 66. Kh2 Ka8 67. Kh3
Kb8 68. Rf1 Nf7 69. Bg6 Rhh8 70. Rd1 Qa7 71. Qg2 Rg7 72. Qf3 Rhg8 73. Kg2 Nh8
74. Bh5 Ka8 75. Qe2 Kb8 76. Kf3 Ka8 77. Qf1 Kb8 78. Ke2 Ka8 79. Qf3 Kb8 80. Re3
Ka8 81. Qe4 Kb8 82. Rg1 Ka8 83. Reg3 Rh7 84. R1g2 Kb8 85. Kd1 Ka8 86. Qe2 Qb7
87. Qd2 Kb8 88. Ke2 Qa7 89. Rf2 Ka8 90. Kf3 Kb8 91. Ke4 Kc8 92. Rf1 Kb8 93.
Rff3 Ka8 94. Re3 Kb8 95. Kf3 Ka8 96. Kg2 Kb8 97. Kh3 Ka8 98. Qf2 Qb7 99. Qf3
Rhg7 100. Re2 Kb8 101. Reg2 Qe7 102. Qe3 Qb7 103. Qxh6 Qe7 104. Qe3 Kb7 105. g5
Qd7 106. Qf3 fxg5 107. hxg5 Rf8 108. Rf2 Rh7 109. Kg2 e4 110. Qg4 Nf7 111. Bxf7
Rhxf7 112. f6 Qe8 113. Qe6 1-0

[Event "Eliteserien 2013 - 14"]
[Site "Oslo"]
[Date "2013.11.01"]
[Round "8"]
[White "Collins, Sam"]
[Black "Lie, Kjetil A."]
[Result "1/2-1/2"]
[WhiteElo "2471"]
[BlackElo "2532"]
[PlyCount "38"]
[EventDate "2013.??.??"]

1. e4 d6 2. d4 Nf6 3. Nc3 g6 4. Nf3 Bg7 5. Be2 Bg4 6. h3 Bxf3 7. Bxf3 Nc6 8.
O-O e5 9. dxe5 dxe5 10. Qxd8+ Nxd8 11. Be3 Ne6 12. Rad1 c6 13. Na4 h5 14. Nc5
Nxc5 15. Bxc5 Bf8 16. Be3 Bh6 17. Bc5 Bf8 18. Be3 Bh6 19. Bc5 Bf8
1/2-1/2

[Event "Eliteserien 2013 - 14"]
[Site "Oslo"]
[Date "2013.11.01"]
[Round "8"]
[White "Lie, Espen"]
[Black "Andersen, Lars Even"]
[Result "1-0"]
[WhiteElo "2471"]
[BlackElo "2297"]
[PlyCount "43"]
[EventDate "2013.??.??"]

1. Nf3 d5 2. g3 Nf6 3. Bg2 c6 4. O-O Bf5 5. b3 Qc8 6. c4 Bh3 7. Bb2 Bxg2 8.
Kxg2 e6 9. d3 Be7 10. e4 dxe4 11. dxe4 O-O 12. e5 Rd8 13. Qe2 Nfd7 14. Nc3 a5
15. Ne4 Nc5 16. Nf6+ gxf6 17. exf6 Bf8 18. Ng5 e5 19. Rad1 Rxd1 20. Qh5 Qh3+
21. Kxh3 h6 22. Qxf7+
1-0

[Event "Eliteserien 2013 - 14"]
[Site "Oslo"]
[Date "2013.11.01"]
[Round "8"]
[White "Ådnøy, Hallvard V"]
[Black "Tisdall, Jonathan"]
[Result "1-0"]
[WhiteElo "2263"]
[BlackElo "2430"]
[PlyCount "43"]
[EventDate "2013.??.??"]

1. d4 Nf6 2. Bg5 d5 3. Bxf6 gxf6 4. e3 c6 5. c4 e6 6. Nc3 Nd7 7. Qb3 dxc4 8.
Qxc4 Rb8 9. Nf3 b5 10. Qb3 a6 11. Be2 c5 12. O-O Bb7 13. Rfd1 Qb6 14. d5 Be7
15. a4 c4 16. Qc2 b4 17. a5 Qc7 18. dxe6 fxe6 19. Ne4 f5 20. Nd4 Qe5 21. Bh5+
Kd8 22. Qxc4
1-0

[Event "Eliteserien 2013 - 14"]
[Site "Oslo"]
[Date "2013.11.01"]
[Round "8"]
[White "Østenstad, Berge"]
[Black "Flaata, Alexander R"]
[Result "1/2-1/2"]
[WhiteElo "2483"]
[BlackElo "2099"]
[PlyCount "54"]
[EventDate "2013.??.??"]

1. d4 Nf6 2. Nf3 g6 3. c4 c5 4. Nc3 cxd4 5. Nxd4 Bg7 6. e4 Nc6 7. Be3 O-O 8.
Be2 b6 9. O-O Bb7 10. Nb3 d6 11. Rc1 Qb8 12. f4 Nd7 13. Bf3 Nc5 14. Rf2 a5 15.
Nd5 Qd8 16. Rd2 a4 17. Nxc5 bxc5 18. e5 Nd4 19. Bxd4 cxd4 20. exd6 exd6 21. Re2
Bxd5 22. Bxd5 Ra7 23. Qd3 Re7 24. Rce1 Re3 25. Rxe3 dxe3 26. Qxe3 Bxb2 27. g3
a3 1/2-1/2

[Event "Eliteserien 2013 - 14"]
[Site "Oslo"]
[Date "2013.11.01"]
[Round "8"]
[White "Harestad, Hans K"]
[Black "Gullaksen, Eirik"]
[Result "1/2-1/2"]
[WhiteElo "2286"]
[BlackElo "2384"]
[PlyCount "51"]
[EventDate "2013.??.??"]

1. d4 Nf6 2. c4 Nc6 3. Nf3 e6 4. a3 d6 5. Nc3 g6 6. e4 Bg7 7. Be2 O-O 8. O-O
Re8 9. d5 exd5 10. cxd5 Ne7 11. Nd4 c6 12. dxc6 Nxc6 13. Nxc6 bxc6 14. Bf3 Be6
15. Bg5 Qb6 16. Qd2 d5 17. Be3 Qb3 18. exd5 Nxd5 19. Nxd5 Bxd5 20. Bxd5 cxd5
21. Rad1 Qxb2 22. Qxb2 Bxb2 23. Rxd5 Bxa3 24. Ra5 Bb4 25. Rxa7 Rxa7 26. Bxa7
1/2-1/2

[Event "Eliteserien 2013 - 14"]
[Site "Oslo"]
[Date "2013.11.01"]
[Round "8"]
[White "Gabrielsen, Stig"]
[Black "Byklum, Bjørnar"]
[Result "1/2-1/2"]
[WhiteElo "2316"]
[BlackElo "2296"]
[PlyCount "54"]
[EventDate "2013.??.??"]

1. e4 d6 2. d4 Nf6 3. Nc3 e5 4. Nf3 Nbd7 5. Bc4 Be7 6. O-O O-O 7. Re1 c6 8. a4
a5 9. h3 Nb6 10. Bf1 exd4 11. Nxd4 d5 12. e5 Ne8 13. Nce2 g6 14. Ng3 Ng7 15.
Bh6 Re8 16. Qd2 Ne6 17. Nxe6 Bxe6 18. Qf4 Kh8 19. Rad1 Bf8 20. Ne4 Nd7 21. Bg5
Qb6 22. Nd6 Bxd6 23. exd6 Qb4 24. c4 Kg8 25. Bh6 f6 26. Re3 Bf7 27. Rf3 Re4
1/2-1/2

[Event "Eliteserien 2013 - 14"]
[Site "Oslo"]
[Date "2013.11.01"]
[Round "8"]
[White "Hansen, Torbjørn R"]
[Black "Hobber, Anders"]
[Result "1/2-1/2"]
[WhiteElo "2444"]
[BlackElo "2244"]
[PlyCount "75"]
[EventDate "2013.??.??"]

1. g3 d5 2. Nf3 c6 3. Bg2 Bg4 4. c4 e6 5. O-O Nf6 6. d3 Nbd7 7. Nc3 Bxf3 8.
exf3 g6 9. b3 Qa5 10. Bd2 Qd8 11. Rb1 Bg7 12. f4 O-O 13. Re1 Ne8 14. Qe2 a5 15.
g4 Nd6 16. Rbc1 Re8 17. Qf3 h6 18. Qg3 d4 19. Na4 Kh7 20. f5 e5 21. Qh3 g5 22.
Qg3 c5 23. Bd5 Rc8 24. Kg2 Nf6 25. Qf3 Nxd5 26. Qxd5 e4 27. Bxa5 Qxa5 28. Qxd6
e3 29. Re2 exf2 30. Rxf2 Be5 31. Qd5 Qc7 32. h3 Bf4 33. Rcf1 Re5 34. Qf3 Re3
35. Qd5 Re5 36. Qf3 Re3 37. Qd5 Re5 38. Qf3 1/2-1/2

[Event "Eliteserien 2013 - 14"]
[Site "Oslo"]
[Date "2013.11.01"]
[Round "8"]
[White "Kongevold, Hans Inge"]
[Black "Kvisla, Johannes"]
[Result "1/2-1/2"]
[WhiteElo "2057"]
[BlackElo "2136"]
[PlyCount "63"]
[EventDate "2013.??.??"]

1. c4 e6 2. Nc3 f5 3. Nf3 Nf6 4. g3 c6 5. Bg2 d5 6. d4 Bd6 7. Qb3 O-O 8. Bf4
Bxf4 9. gxf4 a5 10. c5 Nbd7 11. Ne5 Nxe5 12. fxe5 Ng4 13. h4 f4 14. Na4 Nh6 15.
Nb6 Ra7 16. O-O-O Bd7 17. Bh3 Qe7 18. Qf3 a4 19. Rdg1 Kh8 20. Rg5 Nf7 21. Rg4
Nxe5 22. dxe5 Qxc5+ 23. Kb1 Qxb6 24. Rxf4 Rg8 25. h5 h6 26. Rg1 a3 27. b3 Raa8
28. Rf6 Qd4 29. Rxh6+ gxh6 30. Qf6+ Kh7 31. Qf7+ Kh8 32. Qf6+ 1/2-1/2

[Event "Eliteserien 2013 - 14"]
[Site "Oslo"]
[Date "2013.11.01"]
[Round "8"]
[White "Agdestein, Simen"]
[Black "Bern, Ivar"]
[Result "1-0"]
[WhiteElo "2555"]
[BlackElo "2304"]
[PlyCount "81"]
[EventDate "2013.??.??"]

1. Nf3 g6 2. d4 Bg7 3. e4 d6 4. Be2 Nf6 5. Nc3 O-O 6. O-O c6 7. Re1 Qc7 8. a4
e5 9. a5 Bg4 10. Be3 Nbd7 11. h3 Bxf3 12. Bxf3 b5 13. g3 Rfe8 14. d5 b4 15.
dxc6 bxc3 16. cxd7 Qxd7 17. b4 Bf8 18. Bg2 Reb8 19. Qf3 Ne8 20. Reb1 Nc7 21. a6
Be7 22. Qd1 Bd8 23. Bf1 Qc6 24. Qd3 Nb5 25. Qc4 Qd7 26. Qd5 Nc7 27. Qd3 Nb5 28.
Rb3 Bb6 29. Qxb5 Qxb5 30. Bxb5 Bxe3 31. Bc6 Bd4 32. b5 Rc8 33. Bxa8 Rxa8 34.
Kf1 Kf8 35. Ke2 Ke7 36. Ra4 d5 37. Rxd4 exd4 38. Kd3 dxe4+ 39. Kxd4 f5 40. Rxc3
Rd8+ 41. Ke5 1-0

[Event "Eliteserien 2013 - 14"]
[Site "Oslo"]
[Date "2013.11.01"]
[Round "8"]
[White "Mork, Kjell Arne"]
[Black "Gausel, Einar J"]
[Result "1/2-1/2"]
[WhiteElo "2292"]
[BlackElo "2500"]
[PlyCount "157"]
[EventDate "2013.??.??"]

1. e4 e5 2. Nf3 Nc6 3. Bb5 a6 4. Ba4 Nf6 5. d4 exd4 6. O-O Be7 7. Re1 O-O 8. e5
Nd5 9. c3 Nb6 10. Bb3 d6 11. cxd4 dxe5 12. dxe5 Qxd1 13. Bxd1 Re8 14. Nc3 Bb4
15. h3 Be6 16. Ng5 Bd5 17. f4 h6 18. Nge4 Be6 19. a3 Bf8 20. b4 a5 21. Nb5 Rec8
22. bxa5 Nc4 23. Rf1 N4xa5 24. Rb1 Bc4 25. Re1 Bd3 26. Rb2 Rd8 27. Bg4 Nc4 28.
Rb3 N4a5 29. Rb2 Bxb5 30. Rxb5 Nd4 31. Rb1 Nc2 32. Rf1 Nxa3 33. Bxa3 Bxa3 34.
f5 Rd4 35. Rfe1 Bb4 36. Re2 Nc6 37. e6 fxe6 38. fxe6 Ne7 39. Bh5 g6 40. Bg4 Rf8
41. Rf1 Rxf1+ 42. Kxf1 h5 43. Bf3 Kg7 44. g4 h4 45. Ng5 b6 46. Be4 Rd1+ 47. Kg2
Rd2 48. Rxd2 Bxd2 49. Nf3 Bc1 50. Nxh4 Kf6 51. Kf2 g5 52. Nf3 Kxe6 53. h4 gxh4
54. Nxh4 c5 55. Nf3 b5 56. Ke2 Bb2 57. Kd3 c4+ 58. Kc2 Bg7 59. g5 Kd6 60. g6 b4
61. Nd2 Kc5 62. Nf3 b3+ 63. Kb1 Nd5 64. Bf5 Nc3+ 65. Kc1 Bh6+ 66. Kb2 Nd1+ 67.
Kb1 Ne3 68. Be6 Nd5 69. Ne5 c3 70. Nd3+ Kd4 71. Nc1 c2+ 72. Kb2 Bxc1+ 73. Kxb3
Ne3 74. g7 Ba3 75. g8=Q c1=Q 76. Qg7+ Ke4 77. Qc3 Qf1 78. Bc4 Qxc4+ 79. Qxc4+
1/2-1/2

[Event "Eliteserien 2013 - 14"]
[Site "Oslo"]
[Date "2013.11.01"]
[Round "8"]
[White "Valaker, Ole Johan"]
[Black "Hauge, Lars Oskar"]
[Result "0-1"]
[WhiteElo "2184"]
[BlackElo "2179"]
[PlyCount "56"]
[EventDate "2013.??.??"]

1. d4 Nf6 2. Bg5 e6 3. e3 c5 4. c3 cxd4 5. exd4 Be7 6. Nf3 b6 7. Nbd2 Bb7 8.
Bd3 O-O 9. O-O d6 10. Re1 Nbd7 11. Nc4 h6 12. Bf4 Qc7 13. h3 Rfe8 14. Bh2 b5
15. Ne3 Bc6 16. Nd2 Qb7 17. Bf1 Bf8 18. Qb3 e5 19. a4 a6 20. Ra2 exd4 21. axb5
dxe3 22. bxc6 exf2+ 23. Kxf2 Qa7+ 24. Kg3 Re3+ 25. Nf3 Nh5+ 26. Kh4 g5+ 27.
Nxg5 hxg5+ 28. Kxg5 Ndf6
0-1

[Event "Eliteserien 2013 - 14"]
[Site "Oslo"]
[Date "2013.11.01"]
[Round "8"]
[White "Stubberud, Ørnulf"]
[Black "Sævareid, Ove"]
[Result "1-0"]
[WhiteElo "2322"]
[BlackElo "2162"]
[PlyCount "87"]
[EventDate "2013.??.??"]

1. d4 d5 2. Nf3 Nf6 3. e3 g6 4. Bd3 Bf5 5. Bxf5 gxf5 6. Qd3 Qc8 7. c4 c6 8. Nc3
e6 9. Bd2 dxc4 10. Qxc4 Nbd7 11. O-O Bd6 12. h3 Rg8 13. Rac1 Ke7 14. Rfe1 Ne4
15. Nxe4 fxe4 16. Ne5 f6 17. Nxd7 Qxd7 18. Bb4 Rg5 19. Bxd6+ Qxd6 20. Kh1 Rag8
21. Rg1 R8g7 22. Qe2 Qd5 23. b3 Qf5 24. Kh2 Qg6 25. Qf1 Kd7 26. Rc5 Rxc5 27.
dxc5 Kc7 28. Qe2 Qf5 29. b4 Rd7 30. Rc1 Rd3 31. Qb2 a6 32. a4 e5 33. b5 axb5
34. axb5 Qd7 35. b6+ Kd8 36. Qa2 Ke7 37. Qg8 h6 38. Qh7+ Ke6 39. Qxh6 Rd1 40.
Rxd1 Qxd1 41. Qf8 Qc2 42. Qc8+ Kd5 43. Qxb7 Kxc5 44. Qa7 1-0

[Event "Eliteserien 2013 - 14"]
[Site "Oslo"]
[Date "2013.11.01"]
[Round "9"]
[White "Hole, Øystein"]
[Black "Johannessen, Leif E"]
[Result "0-1"]
[WhiteElo "2367"]
[BlackElo "2521"]
[PlyCount "80"]
[EventDate "2013.??.??"]

1. Nf3 d5 2. d4 Nf6 3. c4 c6 4. Nc3 dxc4 5. a4 Bf5 6. Nh4 e6 7. Nxf5 exf5 8. e3
Bb4 9. Bxc4 O-O 10. Qc2 g6 11. O-O Nbd7 12. f3 Rc8 13. Ba2 c5 14. Kh1 Nb6 15.
dxc5 Bxc5 16. e4 fxe4 17. Bg5 Be7 18. fxe4 Ng4 19. Rad1 Bxg5 20. Rxd8 Rcxd8 21.
Qb3 Ne5 22. Qb5 Nbd7 23. Qxb7 Nc5 24. Qxa7 Ncd3 25. Bd5 Rd7 26. Qd4 Be7 27. Qe3
Rb8 28. Rxf7 Nxf7 29. Qxd3 Bf6 30. b3 Rxb3 31. g3 Rxc3 32. Qa6 Kg7 33. a5 Rdc7
34. Qb6 Ng5 35. Kg2 Rc2+ 36. Kf1 Rc1+ 37. Ke2 R7c2+ 38. Kd3 Rc3+ 39. Ke2 R1c2+
40. Kf1 Ra3 0-1

[Event "Eliteserien 2013 - 14"]
[Site "Oslo"]
[Date "2013.11.01"]
[Round "9"]
[White "Gausel, Einar J"]
[Black "Andersen, Alf Roger"]
[Result "1-0"]
[WhiteElo "2500"]
[BlackElo "2205"]
[PlyCount "67"]
[EventDate "2013.??.??"]

1. Nf3 g6 2. d4 Bg7 3. e4 d6 4. c3 Nd7 5. Bc4 e6 6. O-O Ne7 7. Qe2 O-O 8. e5 d5
9. Bd3 c5 10. b4 b6 11. Na3 a6 12. h4 h5 13. Bg5 Re8 14. Rac1 Nf8 15. g4 hxg4
16. Nh2 Nh7 17. Nxg4 Nxg5 18. hxg5 Nf5 19. Nf6+ Kf8 20. Qg4 c4 21. Bb1 Ke7 22.
Nxe8 Kxe8 23. Nc2 Bf8 24. Kg2 a5 25. b5 a4 26. Rh1 Qd7 27. Ne3 Nxe3+ 28. fxe3
Qxb5 29. Rc2 a3 30. Qf4 Bg7 31. Rf2 Ra7 32. Bxg6 fxg6 33. Rh8+ Bxh8 34. Qf8+
1-0

[Event "Eliteserien 2013 - 14"]
[Site "Oslo"]
[Date "2013.11.01"]
[Round "9"]
[White "Lahlum, Hans O"]
[Black "Getz, Nicolai"]
[Result "0-1"]
[WhiteElo "2182"]
[BlackElo "2352"]
[PlyCount "78"]
[EventDate "2013.??.??"]

1. d4 Nf6 2. c4 d6 3. Nc3 Nbd7 4. e4 e5 5. d5 Nc5 6. f3 a5 7. Be3 Be7 8. Bd3
Nh5 9. Nge2 Bh4+ 10. g3 Bg5 11. Qd2 Bh3 12. Bxg5 Nxd3+ 13. Qxd3 Qxg5 14. Nd1
Bd7 15. Qe3 Qe7 16. Nf2 O-O 17. g4 Nf4 18. Nxf4 exf4 19. Qd4 b5 20. O-O-O bxc4
21. Qxc4 c6 22. Kb1 cxd5 23. Qxd5 Ra6 24. Nh3 Rb8 25. Rd2 Be6 26. Qd4 Rb4 27.
Qc3 h5 28. Nxf4 hxg4 29. Nd5 Qb7 30. Rg1 Ra8 31. h3 Bxd5 32. Rxg4 f5 33. Rg6
Bxa2+ 34. Ka1 Ra4 35. Rgxd6 fxe4 36. Qe5 Bc4+ 37. Kb1 Bd3+ 38. R2xd3 exd3 39.
Re6 Qc8 0-1

[Event "Eliteserien 2013 - 14"]
[Site "Oslo"]
[Date "2013.11.01"]
[Round "9"]
[White "Moen, Andreas G.R"]
[Black "Thorstensen, Trond"]
[Result "1-0"]
[WhiteElo "2390"]
[BlackElo "2241"]
[PlyCount "37"]
[EventDate "2013.??.??"]

1. e4 e6 2. d4 d5 3. Nd2 Nf6 4. e5 Nfd7 5. Bd3 c5 6. c3 Nc6 7. Ne2 cxd4 8. cxd4
f6 9. exf6 Nxf6 10. Nf3 Bd6 11. O-O O-O 12. Bf4 Bxf4 13. Nxf4 Ne4 14. Qc1 Qd6
15. g3 e5 16. Nxd5 Rxf3 17. Bxe4 Nxd4 18. Qc7 Qe6 19. Ne7+ 1-0

[Event "Eliteserien 2013 - 14"]
[Site "Oslo"]
[Date "2013.11.01"]
[Round "9"]
[White "Briseid, Håkon"]
[Black "Hauge, Lars Oskar"]
[Result "0-1"]
[WhiteElo "2143"]
[BlackElo "2179"]
[PlyCount "64"]
[EventDate "2013.??.??"]

1. d4 Nf6 2. c4 e6 3. Nc3 Bb4 4. e3 O-O 5. Nge2 Re8 6. a3 Bf8 7. g3 d5 8. Bg2
c6 9. b3 dxc4 10. bxc4 e5 11. O-O Nbd7 12. c5 Nb8 13. Qc2 Na6 14. Rd1 Qe7 15.
Bd2 Bg4 16. Re1 Rad8 17. h3 Bc8 18. Rad1 Nc7 19. Nc1 e4 20. Nb3 Ncd5 21. Na5
Nxc3 22. Bxc3 Rd5 23. Nc4 Qc7 24. Ba5 Qb8 25. Rb1 Rh5 26. Ne5 Rexe5 27. dxe5
Qxe5 28. Bc3 Qxc5 29. g4 Rg5 30. Qb2 Nxg4 31. Bb4 Qf5 32. Bxf8 Ne5 0-1

[Event "Eliteserien 2013 - 14"]
[Site "Oslo"]
[Date "2013.11.01"]
[Round "9"]
[White "Stubberud, Ørnulf"]
[Black "Gudbrandsen, Gustav"]
[Result "1-0"]
[WhiteElo "2322"]
[BlackElo "2231"]
[PlyCount "49"]
[EventDate "2013.??.??"]

1. c4 Nf6 2. g3 g6 3. Bg2 Bg7 4. Nc3 O-O 5. e4 d6 6. Nge2 e5 7. d3 Nc6 8. O-O
a5 9. h3 Be6 10. Be3 Nd7 11. Qd2 Nc5 12. Nd5 f5 13. f4 Nd4 14. fxe5 dxe5 15.
Nxd4 exd4 16. Bg5 Qd7 17. Be7 fxe4 18. Bxc5 Rxf1+ 19. Rxf1 e3 20. Qe2 Bxh3 21.
Bxh3 Qxh3 22. Qg2 Qd7 23. Qe4 Re8 24. Ne7+ Kh8 25. Rf7 1-0

[Event "Eliteserien 2013 - 14"]
[Site "Oslo"]
[Date "2013.11.01"]
[Round "9"]
[White "Lie, Kjetil A"]
[Black "Gullaksen, Eirik"]
[Result "1-0"]
[WhiteElo "2532"]
[BlackElo "2384"]
[PlyCount "65"]
[EventDate "2013.??.??"]

1. e4 c5 2. Nf3 Nc6 3. Bb5 g6 4. Bxc6 dxc6 5. d3 Bg7 6. h3 b6 7. O-O Nh6 8. a4
a5 9. Be3 f6 10. Na3 Nf7 11. Nc4 Nd6 12. Nxd6+ Qxd6 13. Nd2 Be6 14. f4 O-O 15.
f5 Bf7 16. Nf3 e6 17. fxg6 Bxg6 18. Nd2 f5 19. Nc4 Qc7 20. exf5 Bxf5 21. Bf4 e5
22. Bxe5 Bxe5 23. Rxf5 Rxf5 24. Qg4+ Qg7 25. Qxf5 Bxb2 26. Rf1 Bd4+ 27. Kh1 Kh8
28. Nd6 Rb8 29. Rf4 Qg6 30. Nf7+ Kg7 31. Qd7 Qh5 32. Nd8+ Kh6 33. Qd6+ 1-0

[Event "Eliteserien 2013 - 14"]
[Site "Oslo"]
[Date "2013.11.01"]
[Round "9"]
[White "Gabrielsen, Stig"]
[Black "Lie, Espen"]
[Result "0-1"]
[WhiteElo "2316"]
[BlackElo "2471"]
[PlyCount "74"]
[EventDate "2013.??.??"]

1. e4 e5 2. Nf3 Nc6 3. Bb5 a6 4. Ba4 Nf6 5. O-O Be7 6. Re1 b5 7. Bb3 d6 8. c3
O-O 9. h3 Na5 10. Bc2 c5 11. d4 Qc7 12. Nbd2 Bd7 13. d5 c4 14. Nf1 Nb7 15. Ng3
a5 16. Nh2 Nc5 17. f4 b4 18. Rf1 b3 19. axb3 cxb3 20. Bb1 a4 21. Ra3 Bb5 22.
Rf2 exf4 23. Bxf4 Rfe8 24. Be3 Ncd7 25. Nf5 Bf8 26. Bd4 Ne5 27. Ne3 Nfd7 28.
Ra1 g6 29. Nf3 Bg7 30. Ne1 Nc5 31. Kh1 h5 32. Kg1 Bh6 33. Nf5 gxf5 34. Qxh5 Bg7
35. exf5 f6 36. Qd1 Bc4 37. Rd2 Bh6 0-1

[Event "Eliteserien 2013 - 14"]
[Site "Oslo"]
[Date "2013.11.01"]
[Round "9"]
[White "Tisdall, Jonathan"]
[Black "Gabrielsen, Trond"]
[Result "1-0"]
[WhiteElo "2430"]
[BlackElo "2277"]
[PlyCount "63"]
[EventDate "2013.??.??"]

1. Nf3 Nf6 2. c4 g6 3. Nc3 d5 4. cxd5 Nxd5 5. Qb3 Nb6 6. d4 Bg7 7. Bg5 O-O 8.
Rd1 Be6 9. Qc2 Bf5 10. e4 Bg4 11. d5 h6 12. Bc1 Qd7 13. Be2 c6 14. h3 Bxf3 15.
Bxf3 cxd5 16. exd5 Na6 17. O-O Rac8 18. Rfe1 Nc5 19. Be3 Nca4 20. Bd4 Nxc3 21.
bxc3 Na4 22. Bg4 f5 23. Re6 Kh7 24. Bxg7 Kxg7 25. Rde1 Rf7 26. Bxf5 gxf5 27.
Qd2 Rh8 28. Qd4+ Kh7 29. Rxh6+ Kxh6 30. Qxh8+ Kg6 31. Qg8+ Rg7 32. Re6+ 1-0

[Event "Eliteserien 2013 - 14"]
[Site "Oslo"]
[Date "2013.11.01"]
[Round "9"]
[White "Bae, Torstein"]
[Black "Ådnøy, Hallvard V"]
[Result "1-0"]
[WhiteElo "2442"]
[BlackElo "2263"]
[PlyCount "47"]
[EventDate "2013.??.??"]

1. e4 d6 2. d4 Nf6 3. Nc3 e5 4. Nf3 Nbd7 5. g4 Nxg4 6. Rg1 Ngf6 7. Be3 c6 8.
Qd2 b5 9. O-O-O Bb7 10. dxe5 b4 11. exf6 bxc3 12. Qxc3 Qxf6 13. Bd4 Qf4+ 14.
Kb1 Rg8 15. Bh3 c5 16. Bxd7+ Kxd7 17. Bxc5 Bxe4 18. Ng5 h6 19. Nxe4 Qxe4 20.
Rge1 Qf5 21. Qb4 Kc6 22. Qa4+ Kc7 23. Qa5+ Kc6 24. Qa6+ 1-0